01589nam a2200325 a 4500090002100000041000800021100004400029110005300073245010000126260005300226300001000279520043400289650001700723650002000740650001600760650002300776650003200799650002000831650002600851650004700877662003800924662003700962662003900999700003001038700002801068700002501096945001501121773011201136999001501248 aIAVHb00765 CD-1 aspa aRodríguez Molina, Gina Marcela992461 bFundación Ecosistemas Secos de Colombia992462 aCaracterización biológica de dos relictos de hábitat natural del Altiplano cundiboyacense aBogotábInstituto Alexander von Humboldtc2006 a75 p. aEste estudio desarrollado por la Fundación Ecosistemas Secos de Colombia (ESC) muestra los resultados de la caracterización de vegetación, aves y artópodos del suelo, de dos relictos de hábitat natural del altiplano cundiboyacense, consideradas como prioritarias para la conservación, evidenciando los valores y elementos que sustentan la inclusión de estas áreas dentro del sistema de áreas protegidas andinas. aFlora992293 aAvifauna992441 aAves992429 aArtópodos992463 aOrganismos del suelo992464 aRelictos992465 aConservación992401 aSistema de Areas Protegidas Andinas992466 aColombiadFúquenebCundinamarca aColombiadSimijacabCundinamarca aColombiacAltiplano cundiboyacense aAlarcón, Gustavo992467 aAlvarez, Gustavo992468 aBanda, Karina992469 d2007-08-160 0598699704abdBogotá Informatica documental 2007o024802tInformes de investigaciones IAVH en PDFwxz c6004d6004